| 000 | 00951nam a2200301Ia 4500 | ||
|---|---|---|---|
| 001 | 93434 | ||
| 003 | IT-RoPAU | ||
| 008 | 130308s9999 xx 000 0 und d | ||
| 040 | _aIT-RoPAU | ||
| 040 | _cIT-RoPAU | ||
| 041 | _aSPAGNOLO | ||
| 100 | _aEsposito Rosario Francesco | ||
| 100 | _gCodice Aut. SPICS: 6898 | ||
| 245 | _aDe cara al mercer Milenio | ||
| 245 | _bComunicaciones Fe Y Cultura-Jornadas nacionales de pastoral de los medios de comunicacion Social | ||
| 250 | _a1a ed. | ||
| 260 | _aMADRID | ||
| 260 | _bEdiciones Paulinas | ||
| 260 | _c1984 [1° Ed.:1984 - Ed.Ling.Originale:1984] | ||
| 300 | _a"22 p. (prefazione: no ; testo: 22 [pagine: 7-28])" | ||
| 500 | _aSvolta della Storia Alle Soglie del terzo millennio ironia umorismo Realismo Parlare di Dio | ||
| 650 | _aCONVEGNI/MANIFESTAZIONI PASTORALE D.CS | ||
| 650 | _eCodice materia Spics: 9315 | ||
| 942 | _cBK | ||
| 957 | _71 | ||
| 999 |
_c64634 _d64634 |
||
| 999 | _bSI | ||
| 999 | _g1 | ||